Online katalóg knižníc regiónu Turca

Recepty zo života (Record no. 21002)

MARC details
000 -LEADER
fixed length control field 01835nam a22005535a 4500
001 - CONTROL NUMBER
control field 21002
003 - CONTROL NUMBER IDENTIFIER
control field VRT
005 - DATE AND TIME OF LATEST TRANSACTION
control field 20260210141511.0
008 - FIXED-LENGTH DATA ELEMENTS--GENERAL INFORMATION
fixed length control field 180809s2011 xo o g 000 0 slo
015 ## - NATIONAL BIBLIOGRAPHY NUMBER
National bibliography number SNBA2012/09-04943
020 ## - INTERNATIONAL STANDARD BOOK NUMBER
International Standard Book Number 9788085258677
Qualifying information (brož.)
035 ## - SYSTEM CONTROL NUMBER
System control number 8354508C-6573-4665-A6CC-49E36B2C9068
035 ## - SYSTEM CONTROL NUMBER
System control number urn:nbn:sk:snk-amkbaa
035 ## - SYSTEM CONTROL NUMBER
System control number urn:nbn:sk:snk-am003x71
039 #9 - LEVEL OF BIBLIOGRAPHIC CONTROL AND CODING DETAIL [OBSOLETE]
Level of rules in bibliographic description 201808281054
Level of effort used to assign nonsubject heading access points AUTHORITY
Level of effort used to assign subject headings 201808091659
Level of effort used to assign classification VLOAD
Level of effort used to assign subject headings 201602082138
Level of effort used to assign classification VLOAD
Level of effort used to assign subject headings 201503091053
Level of effort used to assign classification VLOAD
040 ## - CATALOGING SOURCE
Original cataloging agency SNK
Language of cataloging slo
Transcribing agency SNK
Description conventions AACR2
041 0# - LANGUAGE CODE
Language code of text/sound track or separate title slo
044 ## - COUNTRY OF PUBLISHING/PRODUCING ENTITY CODE
MARC country code xo
ISO country code SK
072 #7 - SUBJECT CATEGORY CODE
Subject category code 641
Subject category code subdivision Kuchárstvo. Potraviny. Varené jedlá
Source konspekt
080 ## - UNIVERSAL DECIMAL CLASSIFICATION NUMBER
Universal Decimal Classification number 641.55
Edition identifier 2001
080 ## - UNIVERSAL DECIMAL CLASSIFICATION NUMBER
Universal Decimal Classification number 641.85
Edition identifier 2001
080 ## - UNIVERSAL DECIMAL CLASSIFICATION NUMBER
Universal Decimal Classification number (083.12)
Edition identifier 2001
245 00 - TITLE STATEMENT
Title Recepty zo života
Number of part/section of a work 23
Name of part/section of a work Hrnčeková kuchárka
Statement of responsibility, etc. [z receptov čitateľov týždennika Život zostavil a upravil: Ivan Štefánek ; fotografie: Dušan Křístek]
246 30 - VARYING FORM OF TITLE
Title proper/short title Hrnčeková kuchárka
250 ## - EDITION STATEMENT
Edition statement 1. vyd.
260 ## - PUBLICATION, DISTRIBUTION, ETC.
Place of publication, distribution, etc. Bratislava
Name of publisher, distributor, etc. Ringier Axel Springer Slovakia
Date of publication, distribution, etc. 2011
300 ## - PHYSICAL DESCRIPTION
Extent 159 s.
Other physical details fareb. fotogr.
Dimensions 21 cm
504 ## - BIBLIOGRAPHY, ETC. NOTE
Bibliography, etc. note Zoz. receptov
650 07 - SUBJECT ADDED ENTRY--TOPICAL TERM
Topical term or geographic name entry element jedlá
Source of heading or term SNKPH
650 07 - SUBJECT ADDED ENTRY--TOPICAL TERM
Topical term or geographic name entry element dezerty
Source of heading or term SNKPH
650 07 - SUBJECT ADDED ENTRY--TOPICAL TERM
Topical term or geographic name entry element Meals
Source of heading or term SNKPHeng
650 07 - SUBJECT ADDED ENTRY--TOPICAL TERM
Topical term or geographic name entry element Desserts
Source of heading or term SNKPHeng
655 #7 - INDEX TERM--GENRE/FORM
Genre/form data or focus term kuchárske recepty
Source of term SNKPH
655 #7 - INDEX TERM--GENRE/FORM
Genre/form data or focus term Cookbooks
Source of term SNKPHeng
700 1# - ADDED ENTRY--PERSONAL NAME
Personal name Štefánek, Ivan
Relationship com
700 1# - ADDED ENTRY--PERSONAL NAME
Personal name Křístek, Dušan,
Dates associated with a name 1978-
Relationship pht
910 ## - USER-OPTION DATA (OCLC)
User-option data snk
910 ## - USER-OPTION DATA (OCLC)
User-option data totk
910 ## - USER-OPTION DATA (OCLC)
User-option data pokpoh
910 ## - USER-OPTION DATA (OCLC)
User-option data hevk
942 ## - ADDED ENTRY ELEMENTS (KOHA)
Source of classification or shelving scheme Dewey Decimal Classification
Koha item type Odborná literatúra pre dospelých
Suppress in OPAC No
949 ## - LOCAL PROCESSING INFORMATION (OCLC)
6 17A0703218
a snkSC 91915/23
b snk2011/11594
o 1259/11
s 6100:20140925
949 ## - LOCAL PROCESSING INFORMATION (OCLC)
6 4710710690
a strmkN 641
b strmk2011/10690
949 ## - LOCAL PROCESSING INFORMATION (OCLC)
6 17A0707086
a snkSC 91915/23 D1
b snk2011/15241
o 1259/11
949 ## - LOCAL PROCESSING INFORMATION (OCLC)
6 273K0531323
a svkpoB 85492
b svkpo537600
980 ## - EQUIVALENCE OR CROSS-REFERENCE-SERIES STATEMENT--PERSONAL NAME/TITLE [LOCAL, CANADA]
Personal name 641.55
980 ## - EQUIVALENCE OR CROSS-REFERENCE-SERIES STATEMENT--PERSONAL NAME/TITLE [LOCAL, CANADA]
Personal name 641.85
980 ## - EQUIVALENCE OR CROSS-REFERENCE-SERIES STATEMENT--PERSONAL NAME/TITLE [LOCAL, CANADA]
Personal name (083.12)
Holdings
Stav vyradenia Strata Poškodenie Spôsob nadobudnutia Domovská knižnica Aktuálna knižnica Dátum nadobudnutia Total checkouts Čiarový kód exemplára Date last seen Typ exemplára
      Dar Obecná knižnica Horná Štubňa Obecná knižnica Horná Štubňa 10.02.2026   4736201180 10.02.2026 Odborná literatúra pre dospelých
Projekt je podporený Slovenskou asociáciou knižníc
Prevádzkuje Turčianska knižnica Martin 2026